Classic Fictional Dogs by Breed - Statistics

General Stats
  • This quiz has been taken 28 times
  • The average score is 7 of 16
Answer Stats
Hint Series Answer % Correct
Snoopy Peanuts Beagle
79%
Lassie Lassie Border Collie
79%
Scooby Doo Scooby Doo Great Dane
79%
Spike Tom and Jerry English Bulldog
75%
Cujo Cujo Saint Bernard
54%
Lady Lady and the Tramp Cocker Spaniel
46%
Buddy Air Bud Golden Retriever
46%
Santa’s Little Helper The Simpsons Greyhound
46%
Ren Hoëk Ren and Stimpy Chihuahua
42%
Frank Men in Black Pug
42%
Bluey Bluey Blue Heeler
33%
Brian Griffin Family Guy Labrador Retriever
29%
Toto Wizard of Oz Cairn Terrier
25%
Triumph the Insult Comic Dog Late Night with Conan O’Brien Rottweiler/Montenegrin Mountain Hound
21%
Pluto Mickey Mouse Bloodhound
17%
Isabelle Animal Crossing Shih Tzu
13%
No matching quizzes found
Score Distribution
Percent of People with Each Score
Percentile by Number Answered
Your Score History
You have not taken this quiz